000
00344 a2200157 4500
001
73805
020
_a
040
_c
Anchieta - Colégio São Paulo
100
_a
Neto, Laurindo
240
1
0
_a
No cume da montanha
_l
por
245
1
0
_a
No cume da montanha
300
_a
176
362
0
_a
2003
650
4
_a
Crônicas brasileiras
942
_c
BK
999
_c
73805
_d
73805